Statistics for Harry Potter Random Questions

Click here to take the quiz!

General Stats

  • This quiz has been taken 22 times
  • The average score is 58 of 150

Answer Stats

QuestionHintAnswer% Correct
What school does Harry
go to?
Hogwarts
100%
Headmaster?From Philosophers Stone to Half-Blood PrinceAlbus Dumbledore
88%
What animal represents
Slytherin?
Snake
88%
How many brothers does Ron have?5
82%
What animal represents
Hufflepuff?
Badger
82%
Fourth Weasley?Fred and George
82%
Sixth Weasley?Ginny
82%
Fifth Weasley?Ron
82%
Where is this school
located?
Somewhere in the UKScotland
82%
What animal represents
Ravenclaw?
Eagle
76%
Who gave Harry the Marauder's Map?Harry Potter and the Prisoner of AzkabanFred and George
76%
Name of Harry's pet?Hedwig
76%
What animal represents
Gryffindor?
Lion
76%
Head of Gryffindor?Minerva McGonagall
76%
What pet does Harry have?Owl
76%
Third Weasley?Percy
76%
Head of Slytherin?Severus Snape / Horace Slughorn
76%
Firstborn Weasley?Bill
71%
Ghost of Gryffindor?Sir Nicholas de Mimsy-Porpington
71%
What was the Hippogriff called?The Prisoner of AzkabanBuckbeak
65%
Second Weasley?Charlie
65%
What is Hermione's cat called?Crookshanks
65%
What was Oliver Woods
position in Quidditch?
Keeper
65%
What ghost inhabits the girl's
bathroom on the second floor
of Hogwarts?
Moaning Myrtle
65%
Head of Hufflepuff?Pomona Sprout
65%
What was Bellatrix Lestrange's
Hogwarts House?
Slytherin
65%
How many points do you get
for catching the snitch in
Quidditch?
150
59%
At what age did Voldemort
make his first Horcrux?
16
59%
Bellatrix Lestrange's Maiden
name?
Black
59%
Head of Ravenclaw?Filius Flitwick
59%
What is the name of the Three Headed DogFluffy
59%
Now name them by their real
names:
In above order (first name only)Remus Peter Sirius James
59%
Ghost of Slytherin?The Bloody Baron
59%
Ghost of Ravenclaw?The Grey Lady
59%
Solve the anagram in the
hint box:
I am Lord VoldemortTom Marvolo Riddle
59%
What is Neville's toad called?Trevor
59%
Who is Petunia's husband?First and Last NameVernon Dursley
59%
How old was the ghost when
they died?
14
53%
How many staircases
does Hogwarts have?
142
53%
What did the above answer call their
Pygmy Puff called?
Arnold
53%
What killed the ghost above?Basilisk
53%
Who is Petunia's son?First and Last NameDudley Dursley
53%
Who was the only known
creator of The Philosophers Stone?
First and Last NameNicolas Flamel
53%
Ghost of Hufflepuff?The Fat Friar
53%
Who is the Tri Wizard Champion from Hogwarts?Not including HarryCedric Diggory
47%
What animal does Sirius transfigure into?Dog
47%
What was the first task?Of the Tri Wizard TournamentDragons
47%
Lily Potter's Maiden name?Evans
47%
What is the name of Hagrid's dog?Fang
47%
What were Molly Weasley's twin
brothers called?
First name onlyGideon and Fabian
47%
What was Hagrid's half-brother called?Introduced to in The Order of the PhoenixGrawp
47%
What does Umbridge make
Harry write in detention?
Harry later quoted her in the Forbidden ForestI must not tell lies
47%
What was the final task?Of the Tri Wizard TournamentMaze
47%
What is Ron's owl called?Pigwidgeon
47%
What animal does Peter transfigure into?Rat
47%
Who did Bellatrix Lestrange marry?Rodolphus Lestrange
47%
Who is the Tri Wizard Champion from Durmstrang?Viktor Krum
47%
What is Petunia Dursley's Maiden name?Evans
41%
Who is the Tri Wizard Champion from Beauxbatons?Fleur Delacour
41%
Who saved Fleur's person instead?First NameHarry
41%
Who is her sons Auntie?First and Last NameMarjorie Dursley
41%
What was Voldemort's Grandfather called?First and Last NameMarvolo Gaunt
41%
Name the four Marauders in
order as shown on the map.
Mooney Wormtail Padfoot Prongs
41%
Was Fleur able to save her person?No
41%
What did Hagrid call his dragon?The Philosophers stoneNorbert
41%
What is Molly Weasley's
Maiden name?
Prewett
41%
Who was Cedric meant to save in the second challenge?Goblet of FireCho Chang
35%
Who did Hermione hide from in the Slug Party?First and Last NameCormac McLaggen
35%
Who was Ginny's second relationship?First and Last NameDean Thomas
35%
What is Percy's owl called?Errol
35%
Harry wins a vial of what from Slughorn?Liquid LuckFelix Felicis
35%
What was Hagrid's Mother called?Fridwulfa
35%
Who was Viktor meant to save in the second challenge?Goblet of FireHermione Granger
35%
What was his nickname for Hermione?'His' referring to the above answerHermy
35%
Who is the Headmaster of Durmstrang?First and Last NameIgor Karkaroff
35%
What was Voldemort's Mother called?First and Last NameMerope Riddle
35%
What is the ghosts real name?Middle name not neededMyrtle Warren
35%
Who found the Room of Requirement?In the Order of the PhoenixNeville Longbottom
35%
Who is the Headmistress of Beauxbatons?First and Last NameOlympe Maxime
35%
What is his partner called?Perenelle Flamel
35%
Who was his brother?The above answers brotherRabastan Lestrange
35%
Who can turn into a beetle?Unregistered animagiRita Skeeter
35%
What animal does James transfigure into?Stag
35%
What was the Hippogriff's other name?Witherwings
35%
How old do you have to be to compete in the Tournament?17
29%
What did Harry use to help Ron when he was poisoned?Bezoar
29%
Who was the drink intended for?Last NameDumbledore
29%
Who was Fleur meant to save in the second challenge?Goblet of FireGabrielle Delacour
29%
What is Ginny's patronus?Horse
29%
Who was Ginny's first (known) relationship?First and Last NameMichael Corner
29%
What was Voldemort's Uncle called?First and Last NameMorfin Gaunt
29%
What is her dog called?Ripper
29%
Who was Harry meant to save in the second challenge?Goblet of FireRon Weasley
29%
Who gave Ron the poisoned
drink by mistake?
Last NameSlughorn
29%
His Son?Draco Malfoy
24%
What Dragon did Harry get?Hungarian Horntail
24%
What drink was poisoned?Alcoholic drinkMead
24%
Who told Voldemort the caretaker was listening in?SnakeNagini
24%
Who taught Defence Against the Dark Arts? 4th YearGoblet of FireAlastor Moody
18%
What is her mother called?First Name and Maiden NameAndromeda Black
18%
What are the names of the three Peverell Brothers?First Name alphabetical orderAntioch Cadmus Ignotus
18%
Who put Harry's name in the Goblet?Barty Crouch Jr as Moody
18%
What is Millicent's surname?Bulstrode
18%
Who taught Muggle Studies?Shown in Deathly Hallows - Levicorpus Spell above tableCharity Burbage
18%
What Dragon did Viktor get?Chinese Fireball
18%
Who did Umbridge use the
last of the Veritaserum on?
The Order of the PhoenixCho Chang
18%
Who taught History of Magic?A ghostCuthbert Binns
18%
Who taught Defence Against the Dark Arts? 5th YearOrder of the PhoenixDolores Umbridge
18%
What is her son called?First and Last Name (not shortened)Edward Lupin
18%
Who taught Charms?Head of RavenclawFilius Flitwick
18%
Who taught Divination?A centaurFirenze
18%
What is Marcus' surname?Chaser in QuidditchFlint
18%
Who was the caretaker in the Riddle House hold?In Harry's dream in The Goblet of FireFrank Bryce
18%
What are the three types of wizard coins?Any order (no need to include 'and')Galleons Sickles Knuts
18%
Who taught Defence Against the Dark Arts? 2nd YearChamber of SecretsGilderoy Lockhart
18%
What is Goyle's first name?Gregory
18%
Who taught Potions? 6th YearHiding as armchairHorace Slughorn
18%
Who was the librarian?Irma Pince
18%
Blonde haired death eater?Long hairLucius Malfoy
18%
His Wife?Narcissa Malfoy
18%
What is Theodore's surname?Nott
18%
Speaking of, what is Tonks' first name?Nymphadora
18%
What is Draco's (assumed) girlfriend called?Assumed girlfriend throughout the films (full name)Pansy Parkinson
18%
Who taught Herbology?Head of HufflepuffPomona Sprout
18%
Who was the Matron?First and Last NamePoppy Pomfrey
18%
Who taught Defence Against the Dark Arts? 1st YearPhilosophers StoneQuirinus Quirrell
18%
Who taught Defence Against the Dark Arts? 3rd YearPrisoner of AzkabanRemus Lupin
18%
What is her husband called?First and Last NameRemus Lupin
18%
Who taught Flying?Rolanda Hooch
18%
How do you get onto Platform 9 3/4?Run through wall
18%
What was the second task?Of the Tri Wizard TournamentSave loved one from Black Lake
18%
Who taught Defence Against the Dark Arts? 6th YearHalf-Blood PrinceSeverus Snape
18%
What Dragon did Cedric get?Swedish Short Snout
18%
Who taught Divination?Sybill Trelawney
18%
What is her father called?First and Last NameTed Tonks
18%
What do Bill and Fleur name their daughter?First and Last NameVictoire Weasley
18%
What is Crabbe's first name?Vincent
18%
What Dragon did Fleur get?Welsh Green
18%
What is Blaise's surname?Zabini
18%
Who was the Caretaker?SquibArgus Filch
12%
Who was the Caretakers cat?Mrs Norris
12%
Who was Gamekeeper?Rubeus Hagrid
12%
When was the last Tri Wizard Tournament?Before Harry's Year1792
6%
Who taught Astronomy?Aurora Sinstra
6%
Who taught Ancient Runes?Bathsheda Babbling
6%
What condition gives Tonks the ability to transform her features?Metamorphmagus
6%
What was Hermione's boggart?Professor McGonagall giving her a fail grade
6%
Who taught Arithmancy?Septima Vector
6%
Who taught Care of Magical Creatures?Up until Prisoner of Azkaban (not Hagrid)Silvanus Kettleburn
6%
Who taught Care of Magical Creatures?In Order of the PhoenixWilhelmina Grubbly-Plank
6%

Score Distribution

Percentile by Number Answered

Percent of People with Each Score

Your Score History

You have not taken this quiz